[Event "Summer Cup"]
[Site "Wellington Chess Club"]
[Date "2022.03.10"]
[Round "6.3"]
[White "Young, Cohen"]
[Black "Wevers, Alexis"]
[Result "1-0"]
[WhiteElo "1982"]
[BlackElo "1837"]

1. e4 c5 2. Nf3 d6 3. d4 cxd4 4. Nxd4 Nf6 5. Nc3 a6 6. f3 e6 7. Be3 Be7 8. Qd2
O-O 9. O-O-O b5 10. g4 Bb7 11. h4 Nc6 12. Nxc6 Bxc6 13. h5 b4 14. Ne2 d5 15. g5
Nd7 16. Nd4 Bb7 17. g6 dxe4 18. Nxe6 fxe6 19. Qxd7 Bd5 20. Rxd5 exd5 21. Qe6+
Kh8 22. h6 Bh4 23. hxg7+ Kxg7 24. Bd4+ Bf6 25. Rxh7+ Kxg6 26. Qh3 Bxd4 27. Qh6+
Kf5 28. Bh3+ Ke5 29. f4+ Rxf4 30. Qe6# 1-0

[Event "Summer Cup"]
[Site "Wellington Chess Club"]
[Date "2022.03.10"]
[Round "6.4"]
[White "Van der Hoorn, Thomas"]
[Black "Winsley, Nicholas"]
[Result "1/2-1/2"]
[WhiteElo "1942"]
[BlackElo "1829"]

1. e4 e5 2. Nf3 Nf6 3. Nxe5 d6 4. Nf3 Nxe4 5. Nc3 Nxc3 6. dxc3 Be7 7. Be3 Nc6
8. Bd3 Bg4 9. h3 Bh5 10. g4 Bg6 11. h4 Qd7 12. Rg1 Bxd3 13. Qxd3 O-O-O 14.
O-O-O Qe6 15. Kb1 Ne5 16. Qe4 Nc4 17. Qf4 Nxe3 18. fxe3 Bf6 19. Nd4 Qe5 20. g5
Qxf4 21. exf4 Bxd4 22. cxd4 Rhe8 23. Rge1 Kd7 24. Kc1 d5 25. Kd2 f5 26. Re5
Rxe5 27. fxe5 g6 28. h5 f4 29. hxg6 hxg6 30. Rh1 Ke6 31. Rh7 Rd7 32. Rxd7 Kxd7
33. Ke2 Ke6 34. Kf3 Kf5 35. e6 Kxe6 36. Kxf4 a5 37. a4 c6 38. c3 b5 39. b3 bxa4
40. bxa4 Kd6 41. Kg4 c5 42. Kf4 1/2-1/2

[Event "Summer Cup"]
[Site "Wellington Chess Club"]
[Date "2022.03.10"]
[Round "6.5"]
[White "Rossiter, Philip"]
[Black "Winter, Ryan"]
[Result "0-1"]
[WhiteElo "1756"]
[BlackElo "2186"]

1. c4 e5 2. Nc3 Nc6 3. g3 Bb4 4. Bg2 Bxc3 5. bxc3 f5 6. d3 d6 7. Nf3 Nf6 8. O-O
O-O 9. Bg5 Kh8 10. Rb1 Rb8 11. Qd2 Bd7 12. Ne1 Qe8 13. Bxf6 Rxf6 14. Nc2 f4 15.
Nb4 Nxb4 16. cxb4 Qh5 17. Bf3 Bg4 18. Bxg4 Qxg4 19. Kg2 Rh6 20. Rh1 Qh3+ 21.
Kg1 Rf8 22. Re1 fxg3 23. fxg3 Rhf6 0-1

[Event "Summer Cup"]
[Site "Wellington Chess Club"]
[Date "2022.03.10"]
[Round "6.6"]
[White "Sellen, Ian"]
[Black "Symon, Christopher"]
[Result "1-0"]
[WhiteElo "2039"]
[BlackElo "1888"]

1. c4 c5 2. Nf3 Nc6 3. Nc3 Nf6 4. g3 g6 5. d4 cxd4 6. Nxd4 Bg7 7. Bg2 O-O 8.
O-O Qb6 9. Nc2 d6 10. Rb1 Bf5 11. e4 Bg4 12. Qe1 Ne5 13. Be3 Qd8 14. f3 Bd7 15.
b3 Qc8 16. Qd2 Re8 17. Rbc1 h5 18. h4 Kh7 19. Nb4 Ng8 20. Nbd5 f5 21. Nb5 fxe4
22. fxe4 Rf8 23. Nxa7 Rxa7 24. Bxa7 Bh3 25. Rxf8 Bxf8 26. Rf1 Bxg2 27. Kxg2 Ng4
28. Rf7+ Kh8 29. Nf4 Ne5 30. Bd4 Qg4 31. Qe2 Qxe2+ 32. Nxe2 Bg7 33. Bxe5 Bxe5
34. Nf4 1-0

[Event "Summer Cup"]
[Site "Wellington Chess Club"]
[Date "2022.03.10"]
[Round "6.7"]
[White "Webster, Jamie"]
[Black "Chen, Wei Kai"]
[Result "1/2-1/2"]
[WhiteElo "1742"]
[BlackElo "2007"]

1. e4 e5 2. Nf3 Nc6 3. Bb5 Nf6 4. O-O Bc5 5. c3 O-O 6. d4 Bb6 7. Bg5 d6 8. a4
a6 9. Bxc6 bxc6 10. a5 Ba7 11. Re1 Qe7 12. Nbd2 h6 13. Bh4 g5 14. Nxg5 hxg5 15.
Bxg5 Qe6 16. Re3 Nh7 17. Rg3 Kh8 18. Qh5 f6 19. Bh6 Rf7 20. Qg6 Ng5 21. Bxg5
fxg5 22. Rh3+ Qxh3 23. gxh3 Re7 24. Qf6+ Rg7 25. Nf3 Bxh3 26. dxe5 Kg8 27. Nd4
Rf8 28. Qh6 Rh7 29. Qg6+ Rg7 30. Qh5 Rh7 31. Qe2 Rhf7 32. Qh5 Rh7 33. Qg6+ Rg7
34. Qh5 1/2-1/2

[Event "Summer Cup"]
[Site "Wellington Chess Club"]
[Date "2022.03.10"]
[Round "6.8"]
[White "Enegbuma, Wallace"]
[Black "Langford, Josh"]
[Result "0-1"]
[WhiteElo "1764"]
[BlackElo "1986"]

1. Nf3 d5 2. c3 Nf6 3. d4 Bf5 4. h3 e6 5. Bf4 c5 6. e3 Bd6 7. Qa4+ Nc6 8. Ne5 (
8. Ba6 { lol } ) 8... O-O 9. Nxc6 bxc6 10. Qxc6 Bxf4 11. exf4 cxd4 12. cxd4 Rc8
13. Qa4 Rc1+ 14. Kd2 Qc7 15. g3 Bc2 16. Qa3 Bxb1 17. Bd3 Rxh1 18. Rxb1 Rxb1 19.
Bxb1 Rc8 20. Bd3 Qc1+ 21. Ke2 Ne4 22. Bxe4 dxe4 {  } 0-1

[Event "Summer Cup"]
[Site "Wellington Chess Club"]
[Date "2022.03.10"]
[Round "6.9"]
[White "Farrington, Lawrence"]
[Black "Forster, Bill"]
[Result "0-1"]
[WhiteElo "1647"]
[BlackElo "2034"]

1. e4 e5 2. Nf3 Nc6 3. Nc3 f5 4. d4 fxe4 5. Nxe5 Nf6 6. Nxc6 bxc6 7. Bg5 d5 8.
h3 Bd6 9. Qd2 O-O 10. Be2 Qe8 11. Be3 Nh5 12. Bxh5 Qxh5 13. Qe2 Qg6 14. g4 a5
15. Na4 Ba6 16. Qd2 Rfb8 17. b3 Qf6 18. O-O-O Bb5 19. Bg5 Qf8 20. Nb2 a4 21.
Rdg1 axb3 22. cxb3 Rxa2 23. Qe3 Ba3 24. Qd2 Bd3 25. Qc3 Ra1+ 0-1

[Event "Summer Cup"]
[Site "Wellington Chess Club"]
[Date "2022.03.10"]
[Round "6.11"]
[White "Lavender, Ariel"]
[Black "Brockway, Andrew"]
[Result "1/2-1/2"]
[WhiteElo "1395"]
[BlackElo "1778"]

1. d4 d5 2. Nf3 Nf6 3. c4 e6 4. Nc3 c6 5. e3 Nbd7 6. Be2 Bd6 7. Qc2 dxc4 8. e4
e5 9. dxe5 Nxe5 10. Nxe5 Bxe5 11. Bxc4 O-O 12. O-O Qe7 13. Bg5 Bxh2+ 14. Kh1
Be5 15. f4 Bxc3 16. Qxc3 Qxe4 17. Bxf6 gxf6 18. Qxf6 Qxc4 19. Qg5+ { (=) Draw
agreed } 1/2-1/2

[Event "Summer Cup"]
[Site "Wellington Chess Club"]
[Date "2022.03.10"]
[Round "6.13"]
[White "Jones, Christopher"]
[Black "Chukkala, Praveen Kiran"]
[Result "1-0"]
[WhiteElo "1531"]
[BlackElo "1392"]

1. e4 e5 2. Nf3 d6 3. Bc4 Bg4 4. d3 Nf6 5. Bg5 a6 6. h3 Bh5 7. g4 Bg6 8. Nh4 b5
9. Nxg6 hxg6 10. Bb3 Be7 11. Nc3 c6 12. d4 d5 13. Bxf6 gxf6 14. exd5 b4 15. Ne2
cxd5 16. dxe5 fxe5 17. Qxd5 Qxd5 18. Bxd5 Ra7 19. O-O-O f6 20. f4 Nd7 21. fxe5
Nxe5 22. Nd4 Kf8 23. Rde1 Rd7 24. Ne6+ Ke8 25. Rxe5 fxe5 26. Bc6 Bd6 27. Rd1
Ke7 28. Bxd7 Kxd7 29. Nc5+ Kc6 30. Ne4 Be7 31. Rd3 a5 32. Kd2 Rf8 33. c3 Rb8
34. c4 a4 35. b3 axb3 36. axb3 Rc8 37. Rd5 Ra8 38. Rxe5 Rd8+ 39. Ke3 Bf8 40.
Re6+ Kc7 41. Rxg6 Rd1 42. Rf6 Be7 43. Rf3 Rb1 44. Kf4 Bd6+ 45. Kf5 Ra1 46. Kf6
Ra6 47. Nxd6 Rxd6+ 48. Kg7 Rd7+ 49. Rf7 Rxf7+ 50. Kxf7 1-0

[Event "Summer Cup"]
[Site "Wellington Chess Club"]
[Date "2022.03.10"]
[Round "6.14"]
[White "Turner, Giles"]
[Black "Hooper, John"]
[Result "0-1"]
[WhiteElo "1265"]
[BlackElo "1081"]

1. e4 e6 2. d4 d5 3. Nc3 Bb4 4. Bd2 Nf6 5. Bd3 c5 6. Nf3 Nc6 7. Be3 dxe4 8.
Bxe4 Nxe4 9. O-O Nxc3 10. bxc3 Bxc3 11. Rb1 cxd4 12. Bg5 Qd5 13. Rb3 O-O 14.
Bd2 Bxd2 15. Qxd2 e5 16. Re1 Re8 17. Ng5 Qa5 18. c3 Be6 19. Rxb7 Qxc3 20. Qe2
Bc4 21. Qe4 Bd3 0-1

[Event "Summer Cup"]
[Site "Wellington Chess Club"]
[Date "2022.03.10"]
[Round "6.15"]
[White "Lynch, Oscar"]
[Black "Qu, Lucas"]
[Result "1/2-1/2"]
[WhiteElo "1555"]
[BlackElo "1289"]

1. d4 d5 2. c4 Nf6 3. Bg5 Ne4 4. Bf4 Nc6 5. f3 g5 6. fxe4 gxf4 7. exd5 Nb4 8.
Qa4+ Bd7 9. Qxb4 Bg7 10. Qd2 Bh6 11. g3 Bf5 12. gxf4 e5 13. e3 Qh4+ 14. Qf2
Qxf2+ 15. Kxf2 exf4 16. exf4 Bxf4 17. c5 Bc1 18. Nc3 Bxb2 19. Re1+ Kd7 20. c6+
bxc6 21. dxc6+ Kxc6 22. Bg2+ Kd7 23. Bxa8 Bxc3 24. Bc6+ Kd6 25. Rc1 Bxd4+ 26.
Kf1 Bb2 27. Re1 Kxc6 28. Nf3 Bh3+ 29. Kf2 Rg8 30. Rhg1 Rd8 31. Ng5 Bd4+ 32. Kg3
Bxg1 33. Rxg1 Be6 34. Rc1+ Kd7 35. Rd1+ Ke7 36. Rc1 Rd7 37. Nxh7 Bxa2 38. Ra1
Rd3+ 39. Kf4 Rd2 40. h4 c5 41. Ng5 c4 42. Re1+ Kf8 43. Rc1 a5 44. Ne4 Rh2 45.
Kg3 Rb2 46. Nc3 Rb3 47. Kf4 Rb2 48. Na4 Rf2+ 49. Ke3 Rh2 50. Nc3 a4 51. Nxa4
Rxh4 52. Nb2 Ke7 53. Kd2 Kd6 54. Kc3 Kc5 55. Rf1 Rh3+ 56. Kc2 c3 57. Na4+ Kd4
58. Rf4+ Ke3 59. Rf6 Kd4 60. Rf4+ Ke5 61. Rb4 f5 62. Nxc3 f4 63. Re4+ Kf5 64.
Re1 Rh2+ 65. Re2 Rxe2+ 66. Nxe2 Kg4 67. Nxf4 1/2-1/2

[Event "Summer Cup"]
[Site "Wellington Chess Club"]
[Date "2022.03.10"]
[Round "6.16"]
[White "Hupert, Leo"]
[Black "Asher, Bruce"]
[Result "1/2-1/2"]
[WhiteElo "1149"]
[BlackElo "1166"]

1. e4 e5 2. Bc4 Nf6 3. d3 Bc5 4. h3 O-O 5. Nf3 d6 6. Nc3 Nc6 7. Ne2 d5 8. exd5
Nxd5 9. Bb5 f6 10. a3 Bd7 11. Bc4 Be6 12. Be3 Qe7 13. Qd2 h6 14. Nh4 Bxe3 15.
fxe3 Qf7 16. Ng3 a5 17. e4 Nf4 18. Bxe6 Nxe6 19. O-O Nf4 20. c3 Rad8 21. Rxf4
exf4 22. Ngf5 Ne5 23. d4 Ng6 24. Nxg6 Rfe8 25. Nxf4 Rxe4 26. Nh5 Qxh5 27. Ng3
Qg6 28. Nxe4 Qxe4 1/2-1/2

[Event "Summer Cup"]
[Site "Wellington Chess Club"]
[Date "2022.03.17"]
[Round "7.1"]
[White "Cilia Vincenti, David"]
[Black "Ker, Anthony"]
[Result "0-1"]
[WhiteElo "2219"]
[BlackElo "2441"]

1. Nf3 c5 2. c4 g6 3. e4 Nc6 4. d4 cxd4 5. Nxd4 Nf6 6. Nc3 d6 7. f3 Nxd4 8.
Qxd4 Bg7 9. Be3 O-O 10. Qd2 Qa5 11. Rc1 Be6 12. b3 Rfc8 13. g4 a6 14. Na4 Qxd2+
15. Kxd2 Nd7 16. h3 Rc6 17. f4 Nc5 18. Nxc5 dxc5 19. e5 f6 20. Bg2 Rc7 21. exf6
exf6 22. Ke2 f5 23. g5 Re8 24. Kf2 b6 25. Rhd1 Bf7 26. Rd3 Rce7 27. Bc6 Rc8 28.
Bf3 Rce8 29. Rcd1 Kf8 30. Bc6 Rc8 31. Rd8+ Rxd8 32. Rxd8+ Be8 33. Rb8 (33. b4
$1 $18) 33... a5 34. Rxb6 Bxc6 35. Bxc5 Bd7 36. Ra6 Bc3 37. Bxe7+ Kxe7 38. Ke3
Kd8 39. Kd3 Bb4 40. Kd4 Bd2 41. Ke5 Kc7 42. Ra7+ Kc6 43. Kd4 Bxf4 44. Rxa5 Bxg5
45. b4 Bf6+ 46. Kd3 Be7 47. b5+ Kb7 48. Kd4 f4 49. Ke4 g5 50. h4 gxh4 51. Ra6
Bg5 52. Rd6 Bg4 53. Rd5 h6 54. Rd2 h3 55. c5 f3 56. Rc2 Bh4 57. Kf4 f2 58. Rxf2
Bxf2 0-1

[Event "Summer Cup"]
[Site "Wellington Chess Club"]
[Date "2022.03.17"]
[Round "7.2"]
[White "Dive, Russell"]
[Black "Winter, Ryan"]
[Result "1/2-1/2"]
[WhiteElo "2388"]
[BlackElo "2186"]

1. Nf3 Nf6 2. c4 c6 3. b3 d5 4. Bb2 Bf5 5. h3 e6 6. g4 Bg6 7. g5 Ng8 8. Bg2 Nd7
9. h4 h6 10. d3 hxg5 11. hxg5 Rxh1+ 12. Bxh1 Bh5 13. Nbd2 Be7 14. Bxg7 Bxg5 15.
Qc2 Bf6 16. Bxf6 Qxf6 17. O-O-O O-O-O 18. Kb1 Ne7 19. b4 Kb8 20. a4 Ne5 21.
Nxe5 Qxe5 22. Bf3 Bg6 23. Qb2 Qxb2+ 24. Kxb2 Rh8 25. Kc3 Rh2 26. Nf1 Rh4 27.
Ng3 Kc7 28. Rh1 Rxh1 29. Bxh1 e5 30. e3 Kd6 31. c5+ Kc7 32. Bf3 Nf5 33. Nxf5
Bxf5 34. Bh5 Be6 35. d4 e4 36. b5 a5 37. bxa6 bxa6 38. a5 Kd8 39. Kd2 Ke7 40.
Ke1 f5 41. Kf1 Bd7 42. Kg2 Kf6 43. Kg3 Kg5 44. Be2 Bc8 45. f3 exf3 46. Kxf3 Bb7
47. Bd1 Bc8 48. Ba4 Bd7 49. Kg3 Be8 50. Kf2 Bd7 51. e4 fxe4 52. Ke3 Be8 53. Bd1
Bd7 54. Be2 Bc8 55. Bf1 Bb7 56. Bh3 Kh4 57. Be6 Kg5 58. Bd7 Kf6 59. Kf4 Ke7 60.
Bh3 Kd8 61. Bf1 Kc7 62. Ke5 Bc8 63. Be2 Bb7 1/2-1/2

[Event "Summer Cup"]
[Site "Wellington Chess Club"]
[Date "2022.03.17"]
[Round "7.3"]
[White "Croad, Nicolas"]
[Black "Young, Cohen"]
[Result "1-0"]
[WhiteElo "2449"]
[BlackElo "1982"]

1. d4 Nf6 2. Nf3 d5 3. g3 e6 4. Bg2 c5 5. O-O cxd4 6. Nxd4 Nc6 7. c4 Bd7 8. Nc3
dxc4 9. Nxc6 Bxc6 10. Bxc6+ bxc6 11. Qa4 Qb6 12. Qxc4 Nd5 13. Nxd5 exd5 14. Qg4
h5 15. Qf5 Bd6 16. e4 h4 17. exd5 hxg3 18. hxg3 Bxg3 19. Be3 Qc7 20. Rfe1 Kf8
21. Rac1 Bd6 22. Rxc6 Qd8 23. Bg5 f6 24. Re6 Bh2+ 25. Kg2 Be5 26. Rxe5 1-0

[Event "Summer Cup"]
[Site "Wellington Chess Club"]
[Date "2022.03.17"]
[Round "7.4"]
[White "Langford, Josh"]
[Black "Sellen, Ian"]
[Result "0-1"]
[WhiteElo "1986"]
[BlackElo "2039"]

1. e4 e5 2. Nf3 Nc6 3. Bc4 Nf6 4. d3 Be7 5. c3 O-O 6. O-O d5 7. exd5 Nxd5 8.
Re1 Bg4 9. h3 Bh5 10. Nbd2 a6 11. Ne4 Kh8 12. Ng3 Bg6 13. Nxe5 Nxe5 14. Rxe5
Nb6 15. Bb3 Bd6 16. Re3 f5 17. Re1 Qh4 18. Qf3 Rae8 19. Bd2 f4 20. Rxe8 Rxe8
21. Nf1 Bh5 22. Qxb7 f3 23. Re1 Rf8 24. Qe4 Qf6 25. Bd1 fxg2 26. Qxg2 Bg6 27.
Bc2 Nd7 28. Re3 Ne5 29. Nh2 Bh5 30. Kf1 Qf4 31. Ke1 Ng6 32. Ng4 Nh4 33. Qg3
Qxg3 34. Rxg3 Bxg3 35. fxg3 Nf3+ 36. Ke2 Nxd2 37. Kxd2 Rf3 38. Ne3 Rxg3 39. Nd5
c6 40. Nb4 Rxh3 41. Nxc6 Rh2+ 42. Kc1 g5 43. d4 g4 44. d5 g3 45. Be4 g2 46.
Bxg2 Rxg2 47. d6 Be8 48. Nb8 h5 49. d7 Bxd7 50. Nxd7 h4 51. Ne5 h3 52. Nf3 Rf2
0-1

[Event "Summer Cup"]
[Site "Wellington Chess Club"]
[Date "2022.03.17"]
[Round "7.5"]
[White "Van der Hoorn, Thomas"]
[Black "Sole, Michael"]
[Result "1/2-1/2"]
[WhiteElo "1942"]
[BlackElo "2004"]

1. e4 e5 2. Nf3 Nc6 3. Bb5 Nf6 4. O-O Nxe4 5. d4 Nd6 6. Bxc6 dxc6 7. dxe5 Nf5
8. Qxd8+ Kxd8 9. Nc3 h6 10. h3 Bd7 11. g4 Ne7 12. Ne4 b6 13. Bf4 Kc8 14. Bg3 c5
15. Nh2 Bc6 16. Rfe1 g5 17. Nf6 Nd5 18. Rad1 Nxf6 19. exf6 h5 20. Be5 hxg4 21.
hxg4 Kb7 22. f4 Bh6 23. f5 Bf8 24. c4 a5 25. Re3 Re8 26. Rdd3 Rh4 27. Bg3 Rxe3
28. Rxe3 Rh6 29. Be5 Kc8 30. Nf3 Rh3 31. Kf2 Rxf3+ 32. Rxf3 Bxf3 33. Kxf3 Bd6
34. Bc3 Bf4 35. a4 Kd7 36. Ke4 Kd6 37. b3 Kc6 38. Bb2 Kd7 39. Bc3 Kc6 40. Bb2
1/2-1/2

[Event "Summer Cup"]
[Site "Wellington Chess Club"]
[Date "2022.03.17"]
[Round "7.6"]
[White "Forster, Bill"]
[Black "Webster, Jamie"]
[Result "1-0"]
[WhiteElo "2034"]
[BlackElo "1742"]

1. e4 e5 2. Nf3 Nc6 3. Bb5 a6 4. Ba4 Nf6 5. O-O Be7 6. Re1 b5 7. Bb3 O-O 8. c3
d5 9. d3 Bg4 (9... dxe4 10. dxe4 Qxd1 11. Bxd1) 10. Nbd2 Qd6 11. h3 Bh5 12. Qe2
Na5 13. Bc2 dxe4 14. dxe4 c5 15. Nf1 Rfe8 16. g4 Bg6 17. Ng3 Bf8 18. Bg5 Nb7
19. Nh4 c4 20. Nhf5 Qb6 21. Bxf6 Qxf6 22. Ne3 Rad8 23. Nd5 Qh4 24. Kg2 Rd7 25.
Rad1 Red8 26. Rf1 Nc5 27. Nf5 Bxf5 28. gxf5 h5 29. Qf3 Be7 30. Qg3 Qg5 31. Kf3
Qxg3+ 32. fxg3 g5 $4 33. Nxe7+ 1-0

[Event "Summer Cup"]
[Site "Wellington Chess Club"]
[Date "2022.03.17"]
[Round "7.7"]
[White "Zaslow, Henry"]
[Black "Wevers, Alexis"]
[Result "1-0"]
[WhiteElo "1932"]
[BlackElo "1837"]

1. e4 c6 2. d4 d5 3. e5 Bf5 4. h4 h5 5. Bg5 Qb6 6. Bd3 Qxb2 7. Bxf5 Qxa1 8. e6
fxe6 9. Bg6+ Kd8 10. Nf3 Nd7 11. O-O Qb2 12. Bf4 Ngf6 13. Ng5 Kc8 14. Nf7 Rh6
15. Nxh6 gxh6 16. Re1 e5 17. dxe5 Ng4 18. e6 Ndf6 19. Bxh5 Nxh5 20. Qxg4 Nxf4
21. Qxf4 Qg7 22. c4 d4 23. Nd2 c5 24. Nb3 b6 25. Qe4 Kb8 26. Nxc5 1-0

[Event "Summer Cup"]
[Site "Wellington Chess Club"]
[Date "2022.03.17"]
[Round "7.8"]
[White "Symon, Christopher"]
[Black "Chen, Wei Kai"]
[Result "1-0"]
[WhiteElo "1888"]
[BlackElo "2007"]

1. Nf3 d5 2. c4 c6 3. d4 Nf6 4. Nc3 g6 5. g3 Bg7 6. Bg2 O-O 7. O-O Nbd7 8. Re1
dxc4 9. e4 Nb6 10. Bf1 Bg4 11. e5 Nfd5 12. h3 Bf5 13. g4 Nxc3 14. bxc3 Be6 15.
Ng5 Bd5 16. e6 fxe6 17. Nxe6 Bxe6 18. Rxe6 Rf6 19. Qe1 Rxe6 20. Qxe6+ Kf8 21.
Ba3 Qd7 22. Qxd7 Nxd7 23. Bxc4 Bf6 24. f4 Nb6 25. Be6 h6 26. Rf1 Kg7 27. Bc1 g5
28. fxg5 hxg5 29. h4 Kg6 30. Bf5+ Kh6 31. Rf2 e6 32. Bxe6 Be7 33. Rf7 1-0

[Event "Summer Cup"]
[Site "Wellington Chess Club"]
[Date "2022.03.17"]
[Round "7.9"]
[White "Brockway, Andrew"]
[Black "Archer, Ollie"]
[Result "0-1"]
[WhiteElo "1778"]
[BlackElo "1752"]

1. e4 c6 2. d4 d5 3. exd5 cxd5 4. Bd3 Nc6 5. c3 Nf6 6. Bf4 Bg4 7. Qb3 Qc8 8.
Nd2 e6 9. Ngf3 Be7 10. Ne5 Nxe5 11. Bxe5 O-O 12. h3 Bh5 13. O-O Rd8 14. Rae1
Nd7 15. Bh2 Bg6 16. Bxg6 hxg6 17. Nf3 a5 18. Re3 a4 19. Qb5 a3 20. b3 Ra6 21.
Rc1 Qc6 22. Qd3 b5 23. Rc2 Rc8 24. Ree2 Qb7 25. Bg3 Rac6 26. Be5 Qa6 27. Bf4
Qa5 28. Bd2 Qc7 29. Qxb5 Nf6 30. Ne5 Rb6 31. Qd3 Bd6 32. Bf4 Nd7 33. Nxd7 Qxd7
34. Bxd6 Qxd6 35. c4 dxc4 36. Rxc4 Rxc4 37. bxc4 Rb2 38. g3 Rxe2 39. Qxe2 Qxd4
40. Qf3 Qa1+ 41. Kg2 Qxa2 42. Qa8+ Kh7 43. Qa4 g5 44. c5 Qd5+ 45. Kg1 Qxc5 46.
Qe4+ g6 47. Qf3 Qc1+ 48. Kh2 Kg7 49. Qe2 Qb2 50. Qf3 a2 0-1

[Event "Summer Cup"]
[Site "Wellington Chess Club"]
[Date "2022.03.17"]
[Round "7.10"]
[White "Darr, Samuel"]
[Black "Enegbuma, Wallace"]
[Result "0-1"]
[WhiteElo "1581"]
[BlackElo "1764"]

1. e4 c5 2. Nf3 Nc6 3. d4 cxd4 4. Nxd4 d6 5. Be3 Nf6 6. Nc3 Qa5 7. Bd3 g6 8. h3
Bg7 9. Nb3 Qc7 10. Qd2 Be6 11. Nd4 Bd7 12. O-O-O a6 13. Kb1 b5 14. f4 Na5 15.
g4 Nc4 16. Bxc4 Qxc4 17. f5 O-O 18. fxg6 hxg6 19. Qg2 Rac8 20. g5 Nh5 21. h4 e6
22. Rhf1 b4 23. Nce2 a5 24. Nc1 a4 25. b3 axb3 26. cxb3 Qa6 27. Nd3 Rb8 28. Nc2
Bc3 29. Bd4 Rfc8 30. Qf3 Be8 31. Nf4 Nxf4 32. Qxf4 e5 33. Qf6 exd4 34. Nxd4
Bxd4 35. Rxd4 Qe2 36. Rxd6 Ra8 37. Rf2 Qe1+ 38. Kb2 Qc1# 0-1

[Event "Summer Cup"]
[Site "Wellington Chess Club"]
[Date "2022.03.17"]
[Round "7.11"]
[White "Cooke, Xandi"]
[Black "Rossiter, Philip"]
[Result "0-1"]
[WhiteElo "1535"]
[BlackElo "1756"]

1. d4 e6 2. c4 Nf6 3. Nc3 Bb4 4. Qc2 c5 5. dxc5 Na6 6. a3 Bxc3+ 7. Qxc3 Nxc5 8.
b4 Nce4 9. Qc2 d5 10. f3 Nd6 11. cxd5 exd5 12. Bg5 O-O 13. e3 Bf5 14. Bd3 Rc8
15. Qb3 Re8 16. Be2 h6 17. Bf4 Nc4 18. Bxc4 dxc4 19. Qc3 Nd5 20. Qd4 Nxf4 21.
Qxf4 Qd3 22. Qh4 Qxe3+ 23. Kf1 Bd3+ 0-1

[Event "Summer Cup"]
[Site "Wellington Chess Club"]
[Date "2022.03.17"]
[Round "7.13"]
[White "Benitez, Edgar"]
[Black "Lavender, Ariel"]
[Result "1-0"]
[WhiteElo "1997"]
[BlackElo "1395"]

1. d4 Nf6 2. c4 g6 3. Nc3 Bg7 4. Nf3 d5 5. Bg5 dxc4 6. e3 O-O 7. Bxc4 Bg4 8. h3
Bxf3 9. Qxf3 c6 10. O-O Nbd7 11. Rfd1 Qa5 12. Bh4 e5 13. Bg3 exd4 14. exd4 Nb6
15. Bb3 Rad8 16. Be5 Nfd5 17. Bxg7 Kxg7 18. Rac1 Rfe8 19. Ne4 Qb4 20. Rc5 a5
21. a3 Qxb3 22. Qxb3 Rxe4 23. Rxa5 Re2 24. Rc5 Nd7 25. Rc2 Rde8 26. Rxe2 Rxe2
27. Qxb7 N7f6 28. Rd3 Ne4 29. Rf3 Nd2 30. Rxf7+ Kh6 31. Rxh7+ Kg5 32. h4+ Kf4
33. Qf7+ Ke4 34. Qxg6+ Kxd4 35. Rf7 Re1+ 36. Kh2 Nf1+ 37. Kh3 Re4 38. g3 Re2
39. Rf3 Kc5 40. b4+ Kb6 41. Qd3 Rd2 42. Qxf1 1-0

[Event "Summer Cup"]
[Site "Wellington Chess Club"]
[Date "2022.03.17"]
[Round "7.14"]
[White "Farrington, Lawrence"]
[Black "Winsley, Daniel"]
[Result "0-1"]
[WhiteElo "1647"]
[BlackElo "1808"]

1. e4 c6 2. d4 d5 3. exd5 cxd5 4. c4 e5 5. dxe5 d4 6. Nf3 Nc6 7. a3 Be6 8. Bd3
Nxe5 9. Nxe5 Qa5+ 10. Bd2 Qxe5+ 11. Qe2 Qxe2+ 12. Kxe2 Bd6 13. a4 Nf6 14. f3
O-O 15. Kf2 Rac8 16. b3 Nd7 17. Na3 Nc5 18. Bc2 Be5 19. Ra2 d3 20. Bd1 f5 21.
g3 Na6 22. Re1 Bd4+ 23. Kg2 Bd7 24. Nb5 Bc5 25. Na3 Bc6 26. Nb5 Rce8 27. Kf1
Nb4 28. Rb2 a6 29. Nc7 Rxe1+ 30. Bxe1 Bd6 31. Bc3 Nc2 32. Nd5 Bxd5 33. cxd5
Ne3+ 34. Ke1 Nxd5 35. Kd2 Rc8 36. Bd4 Ba3 37. Rb1 Bb4+ 38. Kxd3 a5 39. Bc2 g5
40. Rb2 Ba3 41. Kd2 Bxb2 42. Bxb2 Rd8 43. Ke2 f4 44. Be4 Rd7 45. Be5 Re7 46.
Bxd5+ Kf8 47. gxf4 gxf4 48. Kf2 Rxe5 49. Bxb7 Ke7 50. Ba6 Re3 51. Bc4 Kd6 52.
Kg2 Rc3 53. Kf2 Rc2+ 54. Kg1 h5 55. h3 h4 56. Bf7 Ke5 57. Bg8 Rb2 58. Bc4 Kd4
59. Bf7 Kc3 60. Be6 Rxb3 61. Bxb3 Kxb3 62. Kf2 Kxa4 63. Ke2 Kb3 0-1

[Event "Summer Cup"]
[Site "Wellington Chess Club"]
[Date "2022.03.17"]
[Round "7.16"]
[White "Qu, Lucas"]
[Black "Hupert, Leo"]
[Result "0-1"]
[WhiteElo "1289"]
[BlackElo "1149"]

1. e4 e5 2. Nf3 Nc6 3. Bb5 d6 4. O-O Bg4 5. Nc3 Nf6 6. d4 a6 7. Ba4 b5 8. Bb3
exd4 9. Nd5 Ne5 10. Bg5 c6 11. Nb4 h6 12. Bf4 c5 13. Bxe5 dxe5 14. Nc6 Qc7 15.
Bd5 Nxd5 16. exd5 Bd6 17. Re1 f6 18. Re4 Bd7 19. Nh4 Bxc6 20. dxc6 Qxc6 21. Qf3
O-O-O 22. Nf5 g6 23. Nh4 Rhg8 24. Rae1 Rdf8 25. Rg4 Qxf3 26. gxf3 f5 27. Rxg6
Rxg6+ 28. Nxg6 Rg8 29. Kf1 Rxg6 30. f4 e4 31. Ke2 Bxf4 32. f3 e3 33. Kd3 Bxh2
34. c3 Be5 35. cxd4 cxd4 36. f4 Bf6 37. b4 h5 38. Rh1 Rh6 39. Rc1+ Kb7 40. Rc5
h4 41. Ke2 h3 42. Rc1 Bh4 43. Kd3 Bf2 44. Ke2 h2 45. Rh1 Bg1 46. a3 Rd6 47. Kd3
Rc6 48. Ke2 Rc3 49. Ke1 d3 50. Kd1 Rxa3 51. Kc1 d2+ 52. Kb2 Rd3 53. Rxh2 Bxh2
54. Ka2 d1=Q 55. Kb2 Qb3+ 0-1

[Event "Summer Cup"]
[Site "Wellington Chess Club"]
[Date "2022.03.17"]
[Round "7.17"]
[White "Asher, Bruce"]
[Black "Turner, Giles"]
[Result "0-1"]
[WhiteElo "1166"]
[BlackElo "1265"]

1. e4 c6 2. Nc3 d5 3. d4 dxe4 4. Nxe4 Bf5 5. f3 e6 6. c3 Be7 7. Bf4 Nf6 8. Bd3
Nd5 9. Be5 O-O 10. Qd2 b5 11. Ne2 Nd7 12. Nd6 Bxd6 13. Bxd6 Re8 14. O-O-O N7b6
15. Ba3 Nc4 16. Qe1 Nxa3 17. bxa3 a5 18. Ng3 b4 19. axb4 axb4 20. c4 Nc3 21.
Rd2 Rxa2 22. Bxf5 Ra1+ 23. Kb2 Rxe1 24. Bxh7+ Kxh7 25. Rxe1 Qg5 26. Rc2 Ra8 27.
Kb3 Qa5 28. Rxc3 bxc3 29. Re5 Rb8+ 30. Kc2 Rb2+ 31. Kd3 Rd2+ 32. Ke4 Qxe5+ 33.
dxe5 c2 34. Nf1 Re2+ 35. Kd3 c1=Q 36. Kxe2 Qxc4+ 37. Ke3 c5 38. Nd2 Qd4+ 39.
Ke2 Qxe5+ 40. Ne4 c4 41. Kd2 Kg6 42. g3 Qb2+ 43. Ke3 Qxh2 44. Kf4 f5 45. Nc3
Qd2+ 0-1

[Event "Summer Cup"]
[Site "Wellington Chess Club"]
[Date "2022.03.31"]
[Round "8.1"]
[White "Ker, Anthony"]
[Black "Croad, Nicolas"]
[Result "0-1"]
[WhiteElo "2441"]
[BlackElo "2449"]

1. e4 e5 2. Nf3 Nc6 3. d4 exd4 4. Bc4 Nf6 5. e5 d5 6. Bb5 Ne4 7. Nxd4 Bc5 8.
Be3 Bd7 9. Bxc6 bxc6 10. O-O Bb6 11. f3 Nc5 12. f4 O-O 13. Nd2 Na4 14. c3 c5
15. N4f3 Bb5 16. Re1 d4 17. cxd4 cxd4 18. Bf2 Qd5 19. Qb3 Qxb3 20. axb3 Nxb2
21. Bxd4 Nd3 22. Re4 Bc6 23. Re3 Nxf4 24. Bxb6 axb6 25. Rc1 Bxf3 26. Nxf3 Ra2
27. Rc4 Ne6 28. Rd3 h6 29. Rd7 Rfa8 30. Rd2 Rxd2 31. Nxd2 Ra2 32. Nf3 c5 33.
Kf1 Rb2 34. Rc3 Kf8 35. g3 Ke7 36. Rd3 Nd4 37. Nxd4 cxd4 38. Rxd4 Rxb3 39. Rd6
Rb2 40. h4 b5 41. Rb6 Kd7 42. h5 b4 43. Kg1 b3 44. g4 Kc7 45. Rb4 Kc6 46. Kf1
Rb1+ 47. Kf2 b2 48. Kg2 Kd5 49. Rb5+ Ke4 50. Kh2 Kf4 51. Rb4+ Kxe5 52. Kg2 Kf6
53. Rb5 g6 54. hxg6 Kxg6 55. Kh2 h5 56. g5 h4 57. Kg2 h3+ 58. Kh2 Kh5 59. Rb4
Kxg5 60. Rg4+ Kf5 61. Rb4 Ke5 62. Rb5+ Kd6 63. Rb6+ Kc5 64. Rb8 f5 65. Rc8+ Kd6
66. Rb8 f4 67. Rd8+ Kc7 68. Rd2 Rh1+ 0-1